000 00932cam a2200277 i 4500
003 OSt
005 20260409094348.0
008 170317t20182018enka b 001 0 eng d
020 _a9781473974784
040 _cLC
_aUNZA
_eRDA
050 0 0 _aLB 2386
_b DEN 2018
100 1 _aDenicolo, Pam.
_eauthor
245 1 0 _aFulfilling the potential of your Doctoral experience :
_bsuccess in research /
_cPam Denicolo; Julie Reeves and Dawn Duke.
260 _aLondon :
_bSAGE Publications Ltd,
_c2018.
300 _axiv, 222 pages :
_billustrations.
336 _atext
337 _aunmediated
338 _avolume
504 _aIncludes bibliographical references and index.
650 0 _aDoctoral students.
650 0 _aResearch
_xHandbooks, manuals, etc.
650 0 _aUniversities and colleges
_xGraduate work
_x Handbooks, manuals, etc
700 1 _aReeves, Julie.
_eauthor
700 1 _aDuke, Daw
_eauthor
942 _cBOOK
999 _c216551
_d216551